| 000 | 00576nam a2200097Ia 4500 | ||
|---|---|---|---|
| 008 | 170517s9999 xx 000 0 und d | ||
| 245 | 4 | _aThe Supermarket That's Eating Britain | |
| 300 | _aTesco is Britain's favorite supermarket. With 2,000 stores and 15 million customers a week, it's almost twice as big as its nearest rival. Dispatches shows how Tesco could soon become even bigger, and asks if this retail giant is abusing its power. In The Supermarket... | ||
| 650 | _xBusiness and Economics. | ||
| 856 | _uhttp://topdocumentaryfilms.com/the-supermarket-thats-eating-britain/ | ||
| 999 |
_c333323 _d333323 |
||